00835nam a2200241Ia 4500003000900000008004100009020002200050040001600072080001900088100002400107245005400131250001200185260004800197300001700245490004100262650002500303650002800328650003300356700003300389942000700422999001700429952014700446IN-BaIIA211028s9999 xx 000 0 eng d a978-1-107-01014-7 cIIA Library a524.354.4bLYN aLyne, Andrew935040 0aPulsar astronomycAndrew Lyne and F. Graham-Smith a4th ed. aCambridgebCambridge University Pressc2012 axxvii, 345p. aCambridge astrophysics series; v. 48 aNeutran stars921931 aPulsar astronomy921932 aTelescope- techniques921933 aGraham-Smith, Francis935041 cBK c18307d18307 00104070aBANbBANcGENd2012-06-27eANJ g7383.00l2o524.354.4/ LYNp19229r2025-11-12s2025-05-27v7383.00w2012-06-27yBKGRs. 7383.00